| 000 | 00828nam a2200229 a 4500 | ||
|---|---|---|---|
| 001 | 000024121 | ||
| 005 | 20250924073802.0 | ||
| 008 | 110119s1985 dr 000 0 spa d | ||
| 040 |
_aDO-SdBNP _bspa _cBNPHU |
||
| 082 |
_axxx _bP348m |
||
| 100 | 1 |
_aPaz, Ida _949534 |
|
| 245 | 1 | 4 |
_aLos medios masivo de comunicación en la lucha ideológica / _cIda Paz. |
| 250 | _a2a ed. | ||
| 260 |
_aSanto Domingo : _bUniversidad Autónoma de Santo Domingo, _c1985. |
||
| 300 |
_a46 p. ; _c22 cm. |
||
| 490 | 1 |
_aPublicaciones de la Universidad Autónoma de Santo Domingo _vv. 365 |
|
| 490 | 1 |
_aCuaderno de Comunicación Social _vno. 1 |
|
| 504 | _aBibliografía : p. 45-46 | ||
| 830 |
_aPublicaciones de la Universidad Autónoma de Santo Domingo _vv. 365 _952 |
||
| 830 | 0 |
_aCuaderno de Comunicación Social _nno. 1 _949535 |
|
| 049 | _aBNPD | ||
| 999 |
_c23615 _d23615 |
||